000 00681nam a2200217Ii 4500
001 19864
003 CO-ViMGA
008 241108s9999||||xx |||||||||||||| ||und||
020 _a9583386529
040 _aCO-ViMGA
_bspa
_erda
_cCO-ViMGA
041 0 _aspa
082 0 4 _aCo861.5 C17m
100 1 _aLeón de Greiff
_949501
245 1 0 _aLa música en la poesía de León de Greiff
264 1 _aBogotá, Colombia : Ministerio de Cultura : Asociación Nacional de Música Sinfónica, 2005
300 _avolumen
336 _atext
_btxt
_2rdacontent
337 _aunmediated
_bn
_2rdamedia
338 _avolume
_bnc
_2rdacarrier
940 _aidficha_siabuc: 19520. -- ficha_no_siabuc:19864
999 _c44174
_d44174